[Event "BCF-chT3N 1819 (4NCL)"]
[Site "England"]
[Date "2019.03.16"]
[Round "7.22"]
[White "Archer, Richard"]
[Black "Harman, George"]
[Result "1/2-1/2"]
[WhiteElo "1982"]
[BlackElo "1810"]
[PlyCount "42"]
[EventDate "2018.11.10"]
[EventType "team-swiss"]
[EventRounds "11"]
[EventCountry "ENG"]
[SourceTitle "EXT 2021"]
[Source "ChessBase"]
[SourceDate "2020.10.23"]
[SourceVersion "1"]
[SourceVersionDate "2020.10.23"]
[SourceQuality "1"]
[WhiteTeam "Shropshire"]
[BlackTeam "Bolton & Worsley"]
[WhiteTeamCountry "ENG"]
[BlackTeamCountry "ENG"]

1. d4 Nf6 2. Nf3 c5 3. d5 e6 4. c4 exd5 5. cxd5 d6 6. Nc3 g6 7. g3 Bg7 8. Bg2 0-0 9. 0-0 Bf5 10. Qb3 Qd7 11. Re1 Re8 12. Bf4 a6 13. a4 Ne4 14. Nh4 Nxc3 15. bxc3 Be4 16. f3 Bxd5 17. Qxd5 Bxc3 18. Rad1 Bxe1 19. Rxe1 Nc6 20. Qxd6 Qxd6 21. Bxd6 c4 1/2-1/2

[Event "BCF-chT3N 1819 (4NCL)"]
[Site "England"]
[Date "2019.01.12"]
[Round "3.24"]
[White "Archer, Richard"]
[Black "Procter, Colin S"]
[Result "1-0"]
[WhiteElo "1982"]
[BlackElo "1776"]
[PlyCount "152"]
[EventDate "2018.11.10"]
[EventType "team-swiss"]
[EventRounds "11"]
[EventCountry "ENG"]
[SourceTitle "EXT 2021"]
[Source "ChessBase"]
[SourceDate "2020.10.23"]
[SourceVersion "1"]
[SourceVersionDate "2020.10.23"]
[SourceQuality "1"]
[WhiteTeam "Shropshire"]
[BlackTeam "Bradford DCA Knights III"]
[WhiteTeamCountry "ENG"]
[BlackTeamCountry "ENG"]

1. d4 g6 2. e4 Bg7 3. c3 d6 4. f4 Nf6 5. e5 Nfd7 6. Nf3 0-0 7. Bd3 dxe5 8. fxe5 Nb6 9. 0-0 Na6 10. b4 c6 11. Nbd2 Nc7 12. Ne4 Ncd5 13. Bd2 Nc7 14. Qe1 Bf5 15. Qe2 Bxe4 16. Bxe4 Ne6 17. Ng5 Nxg5 18. Bxg5 Nd5 19. Rf3 Nxc3 20. Rxc3 Qxd4+ 21. Qe3 Bxe5 22. Rac1 f6 23. Rc4 Qd6 24. Bh6 Rfd8 25. Qh3 f5 26. Bc2 Bd4+ 27. Be3 Qe5 28. Bxd4 Rxd4 29. Bb3 Kg7 30. Rc5 Qe2 31. Qc3 Qd2 32. Re1 Kf8 33. Qxd2 Rxd2 34. b5 Rc8 35. Rce5 Rc7 36. bxc6 bxc6 37. Rc5 Kg7 38. Rec1 Rd6 39. Ba4 Rd2 40. Bb3 Rd6 41. R1c2 Kf6 42. Ba4 e5 43. Rxc6 Rcxc6 44. Rxc6 Rxc6 45. Bxc6 e4 46. Kf2 Ke5 47. Be8 g5 48. Ke3 f4+ 49. Ke2 Kd4 50. h3 a5 51. a4 Kc3 52. Bd7 Kd4 53. Bf5 h5 54. Bg6 h4 55. Bh5 Kc3 56. Bg4 Kb4 57. Bf5 e3 58. Bc2 Kc3 59. Bd1 Kd4 60. Kf3 Kd3 61. Be2+ Kd2 62. Bb5 Ke1 63. Kg4 Kf2 64. Kxg5 Kg3 65. Be2 Kxg2 66. Kxf4 Kf2 67. Bd1 e2 68. Bxe2 Kxe2 69. Kg4 Kd3 70. Kxh4 Kc4 71. Kg5 Kb4 72. h4 Kxa4 73. h5 Kb3 74. h6 a4 75. h7 a3 76. h8Q Ka2 1-0

[Event "BCF-chT2d 1314 (4NCL)"]
[Site "England"]
[Date "2014.05.04"]
[Round "10.88"]
[White "Giles, Yasmin"]
[Black "Archer, Richard"]
[Result "1/2-1/2"]
[WhiteElo "1865"]
[BlackElo "2024"]
[PlyCount "41"]
[EventDate "2013.11.16"]
[EventType "team-tourn"]
[EventRounds "11"]
[EventCountry "ENG"]
[SourceTitle "EXT 2015"]
[Source "ChessBase"]
[SourceDate "2014.11.20"]
[SourceVersion "1"]
[SourceVersionDate "2014.11.20"]
[SourceQuality "1"]
[WhiteTeam "KJCA Kings"]
[BlackTeam "White Rose II"]
[WhiteTeamCountry "ENG"]
[BlackTeamCountry "ENG"]

1. e4 c5 2. Nc3 g6 3. d4 Bg7 4. dxc5 Qa5 5. Bd2 Qxc5 6. Nd5 Na6 7. Be3 Qa5+ 8. c3 e6 9. Bd4 f6 10. Bxa6 bxa6 11. b4 Qd8 12. Ne3 Bb7 13. Nc4 d5 14. Qa4+ Kf7 15. 0-0-0 Qc7 16. Na5 Ne7 17. Ne2 Rhd8 18. Qc2 Rac8 19. Kb1 Nc6 20. Nxb7 Qxb7 21. Bc5 1/2-1/2

[Event "BCF-chT2b 1314 (4NCL)"]
[Site "England"]
[Date "2013.11.17"]
[Round "2.67"]
[White "Archer, Richard"]
[Black "Purdon, Colin"]
[Result "1/2-1/2"]
[WhiteElo "2022"]
[BlackElo "2136"]
[PlyCount "25"]
[EventDate "2013.11.16"]
[EventType "team-swiss"]
[EventRounds "11"]
[EventCountry "ENG"]
[SourceTitle "CBM 157 Extra"]
[Source "ChessBase"]
[SourceDate "2013.12.19"]
[SourceVersion "1"]
[SourceVersionDate "2013.12.19"]
[SourceQuality "1"]
[WhiteTeam "White Rose II"]
[BlackTeam "BCM Dragons"]
[WhiteTeamCountry "ENG"]
[BlackTeamCountry "ENG"]

1. d4 d5 2. Nf3 Nf6 3. Bf4 c5 4. e3 Qb6 5. b3 Nc6 6. dxc5 Qxc5 7. Be2 g6 8. a3 a5 9. 0-0 Bg7 10. Ra2 0-0 11. b4 Qb6 12. b5 Nd8 13. Nc3 1/2-1/2

[Event "BCF-chT2b 1314 (4NCL)"]
[Site "England"]
[Date "2013.11.16"]
[Round "1.75"]
[White "Moss, Guy"]
[Black "Archer, Richard"]
[Result "1/2-1/2"]
[WhiteElo "2016"]
[BlackElo "2022"]
[PlyCount "68"]
[EventDate "2013.11.16"]
[EventType "team-swiss"]
[EventRounds "11"]
[EventCountry "ENG"]
[SourceTitle "CBM 157 Extra"]
[Source "ChessBase"]
[SourceDate "2013.12.19"]
[SourceVersion "1"]
[SourceVersionDate "2013.12.19"]
[SourceQuality "1"]
[WhiteTeam "Barbican Youth"]
[BlackTeam "White Rose II"]
[WhiteTeamCountry "ENG"]
[BlackTeamCountry "ENG"]

1. e4 c5 2. Nf3 Nc6 3. c3 Nf6 4. e5 Nd5 5. d4 cxd4 6. cxd4 e6 7. Bc4 Nb6 8. Bb3 d6 9. 0-0 dxe5 10. dxe5 Qxd1 11. Rxd1 Be7 12. Nc3 0-0 13. Be3 Nd7 14. Nb5 Nc5 15. Bc2 Nb4 16. Bxc5 Bxc5 17. Be4 f5 18. exf6 gxf6 19. a3 f5 20. axb4 Bxf2+ 21. Kxf2 fxe4 22. Nxa7 exf3 23. gxf3 e5 24. Nxc8 Raxc8 25. Rac1 Rxc1 26. Rxc1 e4 27. Rc3 Kg7 28. Kg3 exf3 29. Rxf3 Rd8 30. b5 Rd5 31. Rb3 b6 32. Kf4 Rc5 33. Ke4 Kg6 34. Kf3 Kf6 1/2-1/2

[Event "Guernsey op 38th"]
[Site "Guernsey"]
[Date "2012.10.23"]
[Round "3"]
[White "Fassaert, Desire Jm"]
[Black "Archer, Richard"]
[Result "1/2-1/2"]
[WhiteElo "1939"]
[BlackElo "2022"]
[PlyCount "32"]
[EventDate "2012.10.21"]
[EventType "swiss"]
[EventRounds "7"]
[EventCountry "GCI"]
[SourceTitle "EXT 2013"]
[Source "ChessBase"]
[SourceDate "2012.11.22"]
[SourceVersion "1"]
[SourceVersionDate "2012.11.22"]
[SourceQuality "1"]

1. Nf3 d5 2. b3 Nf6 3. Bb2 c5 4. e3 Nc6 5. d4 Bg4 6. Be2 e6 7. 0-0 Be7 8. dxc5 Bxc5 9. c4 0-0 10. cxd5 Nxd5 11. Nc3 Nxc3 12. Bxc3 Rc8 13. Ne5 Qxd1 14. Bxd1 Nxe5 15. Bxe5 Bxd1 16. Rfxd1 Rfd8 1/2-1/2

[Event "BCF-chT2c 1112 (4NCL)"]
[Site "England"]
[Date "2012.04.01"]
[Round "8.27"]
[White "Archer, Richard"]
[Black "Jameson, David"]
[Result "1/2-1/2"]
[WhiteElo "2014"]
[BlackElo "2077"]
[PlyCount "86"]
[EventDate "2011.11.12"]
[EventType "team-swiss"]
[EventRounds "11"]
[EventCountry "ENG"]
[SourceTitle "EXT 2013"]
[Source "ChessBase"]
[SourceDate "2012.11.22"]
[SourceVersion "1"]
[SourceVersionDate "2012.11.22"]
[SourceQuality "1"]
[WhiteTeam "White Rose II"]
[BlackTeam "South Wales Dragons"]
[WhiteTeamCountry "ENG"]
[BlackTeamCountry "ENG"]

1. d4 Nf6 2. Nf3 e6 3. Bf4 b6 4. e3 Bb7 5. Be2 c5 6. c3 Be7 7. h3 0-0 8. 0-0 d5 9. Re1 Nc6 10. Nbd2 Rc8 11. Ne5 Nxe5 12. dxe5 Ne4 13. Nxe4 dxe4 14. Qc2 Qc7 15. Red1 Rfd8 16. c4 Bc6 17. b3 a6 18. a4 h6 19. Rxd8+ Rxd8 20. Rd1 Kf8 21. f3 Rxd1+ 22. Qxd1 Qb7 23. Bg3 exf3 24. Bxf3 Ke8 25. Bxc6+ Qxc6 26. Qd3 g6 27. Be1 Bd8 28. Bc3 Bc7 29. Bb2 Qd7 30. Qxd7+ Kxd7 31. Kf2 Kc6 32. Kf3 b5 33. Bc3 b4 34. Bb2 Kd7 35. Ke4 Bd8 36. g3 Ke8 37. Kf3 Kf8 38. Bc1 Bc7 39. e4 Bxe5 40. Bxh6+ Ke7 41. Be3 Kd6 42. g4 Bf6 43. Bf4+ e5 1/2-1/2

[Event "Paington op"]
[Site "Paignton"]
[Date "2011.09.05"]
[Round "2"]
[White "Rosen, Daniel B"]
[Black "Archer, Richard"]
[Result "1-0"]
[WhiteElo "2139"]
[BlackElo "1989"]
[PlyCount "63"]
[EventDate "2011.09.04"]
[EventType "swiss"]
[EventRounds "7"]
[EventCountry "ENG"]
[SourceTitle "CBM 144 Extra"]
[Source "ChessBase"]
[SourceDate "2011.10.28"]
[SourceVersion "1"]
[SourceVersionDate "2011.10.28"]
[SourceQuality "1"]

1. e4 c5 2. Nc3 e6 3. f4 Nc6 4. Nf3 g6 5. d4 cxd4 6. Nxd4 d6 7. Be3 a6 8. Nxc6 bxc6 9. Bd4 Nf6 10. e5 dxe5 11. Bxe5 Qxd1+ 12. Rxd1 Be7 13. Ne4 Nxe4 14. Bxh8 f6 15. Bd3 Nd6 16. g4 Bb7 17. g5 fxg5 18. fxg5 Bxg5 19. Be5 Nf5 20. Be4 Ra7 21. Rd3 c5 22. Bxb7 Rxb7 23. b3 Ne3 24. c4 Nc2+ 25. Ke2 Nb4 26. Rd6 Ke7 27. a3 Nc2 28. Rxa6 Rxb3 29. Bd6+ Ke8 30. Bxc5 Ne3 31. Rxe6+ Kf7 32. Rxe3 1-0

[Event "BCF-chT2 1011 (4NCL)"]
[Site "England"]
[Date "2011.02.19"]
[Round "5.16"]
[White "Archer, Richard"]
[Black "Jameson, David"]
[Result "1-0"]
[WhiteElo "1969"]
[BlackElo "2054"]
[PlyCount "113"]
[EventDate "2010.11.06"]
[EventType "team-swiss"]
[EventRounds "11"]
[EventCountry "ENG"]
[SourceTitle "EXT 2012"]
[Source "ChessBase"]
[SourceDate "2011.11.24"]
[SourceVersion "1"]
[SourceVersionDate "2011.11.24"]
[SourceQuality "1"]
[WhiteTeam "White Rose II"]
[BlackTeam "South Wales Dragons"]
[WhiteTeamCountry "ENG"]
[BlackTeamCountry "ENG"]

1. d4 Nf6 2. Nf3 d5 3. Bf4 c6 4. e3 Nh5 5. Bg5 h6 6. Bh4 g5 7. Nfd2 Nf6 8. Bg3 Bf5 9. h4 g4 10. c4 e6 11. Qb3 Qb6 12. c5 Qxb3 13. axb3 Nbd7 14. b4 Nh5 15. Bh2 Be7 16. b5 g3 17. bxc6 bxc6 18. fxg3 Bg4 19. Ba6 Rb8 20. Be2 Rg8 21. b3 Rb7 22. Nc3 e5 23. Nxd5 cxd5 24. c6 Rc7 25. cxd7+ Kxd7 26. Nf3 exd4 27. Ne5+ Ke6 28. Nxg4 Bb4+ 29. Kd1 d3 30. Bxd3 Rxg4 31. Be2 Rxg3 32. Bxh5 Rxe3 33. Bxc7 Rd3+ 34. Ke2 Rd2+ 35. Kf3 Rd3+ 36. Ke2 Rd2+ 37. Kf1 Bc5 38. Bg3 d4 39. Bf2 Kd5 40. Bf3+ Ke5 41. Rh3 Rb2 42. Bd1 Ke4 43. g4 Bb4 44. Rf3 a5 45. Rxf7 d3 46. g5 hxg5 47. hxg5 d2 48. g6 a4 49. Rxa4 Rb1 50. Ke2 Ke5 51. Rxb4 Rc1 52. g7 Rc8 53. Rf8 Rc6 54. Rb5+ Ke4 55. g8Q Rc5 56. Qe6+ Re5 57. Qxe5# 1-0

[Event "BCF-chT2a 0910 (4NCL)"]
[Site "England"]
[Date "2010.01.17"]
[Round "4.6"]
[White "Bourne, Johnathan"]
[Black "Archer, Richard"]
[Result "1-0"]
[WhiteElo "2073"]
[BlackElo "2066"]
[PlyCount "49"]
[EventDate "2009.10.24"]
[EventType "team-tourn"]
[EventRounds "7"]
[EventCountry "ENG"]
[SourceTitle "EXT 2010"]
[Source "ChessBase"]
[SourceDate "2010.11.25"]
[SourceVersion "1"]
[SourceVersionDate "2010.11.25"]
[SourceQuality "1"]
[WhiteTeam "Brown Jack"]
[BlackTeam "White Rose II"]
[WhiteTeamCountry "ENG"]
[BlackTeamCountry "ENG"]

1. e4 c5 2. a3 Nc6 3. b4 cxb4 4. axb4 d6 5. b5 Nb8 6. d4 g6 7. Nf3 Bg7 8. Be2 Nf6 9. Nbd2 0-0 10. 0-0 Bg4 11. Ra3 Qb6 12. Nc4 Qxb5 13. Nxd6 Qd7 14. Nc4 Nxe4 15. Nce5 Bxe5 16. Nxe5 Bxe2 17. Qxe2 Qxd4 18. Nf3 Qb4 19. Rb3 Qa4 20. Bb2 Na6 21. Ra1 Qc6 22. Ne5 Qe6 23. Qxe4 Nc5 24. Ng4 h5 25. Qd4 1-0

[Event "BCF-chT2a 0910 (4NCL)"]
[Site "England"]
[Date "2010.01.16"]
[Round "3.6"]
[White "Archer, Richard"]
[Black "Jenks, Chris Bruce"]
[Result "1/2-1/2"]
[WhiteElo "2066"]
[BlackElo "2127"]
[PlyCount "44"]
[EventDate "2009.10.24"]
[EventType "team-tourn"]
[EventRounds "7"]
[EventCountry "ENG"]
[SourceTitle "EXT 2010"]
[Source "ChessBase"]
[SourceDate "2010.11.25"]
[SourceVersion "1"]
[SourceVersionDate "2010.11.25"]
[SourceQuality "1"]
[WhiteTeam "White Rose II"]
[BlackTeam "Wessex"]
[WhiteTeamCountry "ENG"]
[BlackTeamCountry "ENG"]

1. d4 Nf6 2. c4 c5 3. d5 b5 4. cxb5 a6 5. b6 Qxb6 6. Nc3 e5 7. e4 d6 8. Nf3 g6 9. Bd3 Bg7 10. 0-0 0-0 11. Nd2 Nbd7 12. Nc4 Qc7 13. f4 exf4 14. Bxf4 Ne8 15. Na4 Rb8 16. Rb1 Bd4+ 17. Kh1 Ne5 18. Bxe5 dxe5 19. Nc3 Bd7 20. Ne2 Bg4 21. Qa4 Bxe2 22. Bxe2 Nd6 1/2-1/2

[Event "BCF-chT2a 0910 (4NCL)"]
[Site "England"]
[Date "2009.10.25"]
[Round "2.3"]
[White "Archer, Richard"]
[Black "Coates, Kenneth G"]
[Result "1/2-1/2"]
[WhiteElo "2066"]
[BlackElo "2220"]
[PlyCount "63"]
[EventDate "2009.10.24"]
[EventType "team-tourn"]
[EventRounds "7"]
[EventCountry "ENG"]
[SourceTitle "EXT 2010"]
[Source "ChessBase"]
[SourceDate "2010.11.25"]
[SourceVersion "1"]
[SourceVersionDate "2010.11.25"]
[SourceQuality "1"]
[WhiteTeam "White Rose II"]
[BlackTeam "AMCA Dragons"]
[WhiteTeamCountry "ENG"]
[BlackTeamCountry "ENG"]

1. d4 d5 2. Nf3 Nf6 3. c4 c6 4. Nc3 dxc4 5. a4 Bf5 6. e3 e6 7. Bxc4 Bb4 8. 0-0 Nbd7 9. Qe2 Bg6 10. Bd2 0-0 11. Rfd1 Re8 12. Be1 Qe7 13. Rac1 Rad8 14. Bd3 Bxd3 15. Qxd3 e5 16. dxe5 Nxe5 17. Qe2 Bd6 18. h3 Nxf3+ 19. Qxf3 Qe5 20. g3 Qe6 21. Kg2 Qb3 22. Qe2 Be5 23. Rxd8 Rxd8 24. Qc2 Qxc2 25. Rxc2 Kf8 26. Rd2 Rxd2 27. Bxd2 Ke7 28. f4 Bxc3 29. Bxc3 g6 30. Kf3 Nd5 31. Bd4 b6 32. e4 1/2-1/2

[Event "BCF-chT3 0809 (4NCL)"]
[Site "Hinckley Island"]
[Date "2009.03.22"]
[Round "8.4"]
[White "Archer, Richard"]
[Black "Higgs, Anthony"]
[Result "1/2-1/2"]
[WhiteElo "2120"]
[BlackElo "1995"]
[PlyCount "29"]
[EventDate "2008.10.18"]
[EventType "team-swiss"]
[EventRounds "11"]
[EventCountry "ENG"]
[SourceTitle "EXT 2010"]
[Source "ChessBase"]
[SourceDate "2010.11.25"]
[SourceVersion "1"]
[SourceVersionDate "2010.11.25"]
[SourceQuality "1"]
[WhiteTeam "WRO II"]
[BlackTeam "Guildford IV"]
[WhiteTeamCountry "ENG"]
[BlackTeamCountry "ENG"]

1. d4 d6 2. e4 Nf6 3. Nc3 e5 4. dxe5 dxe5 5. Qxd8+ Kxd8 6. Bc4 Be6 7. Bxe6 fxe6 8. Nf3 Bd6 9. Be3 Nc6 10. 0-0-0 Ke7 11. h3 a6 12. Rhe1 b5 13. Nd2 Rhf8 14. f3 h6 15. Nb3 1/2-1/2

[Event "BCF-chT3 0809 (4NCL)"]
[Site "Hinckley Island"]
[Date "2009.03.21"]
[Round "7.2"]
[White "Bonafont, Philip"]
[Black "Archer, Richard"]
[Result "1/2-1/2"]
[WhiteElo "2140"]
[BlackElo "2120"]
[PlyCount "42"]
[EventDate "2008.10.18"]
[EventType "team-swiss"]
[EventRounds "11"]
[EventCountry "ENG"]
[SourceTitle "EXT 2010"]
[Source "ChessBase"]
[SourceDate "2010.11.25"]
[SourceVersion "1"]
[SourceVersionDate "2010.11.25"]
[SourceQuality "1"]
[WhiteTeam "AMCA Dragons"]
[BlackTeam "WRO II"]
[WhiteTeamCountry "ENG"]
[BlackTeamCountry "ENG"]

1. d4 Nf6 2. Nf3 e6 3. c4 d5 4. Nc3 Bb4 5. Bg5 h6 6. Bxf6 Qxf6 7. cxd5 exd5 8. Qb3 Bxc3+ 9. Qxc3 c6 10. e3 Bf5 11. Be2 Nd7 12. 0-0 0-0 13. b4 Rac8 14. Rfc1 Rc7 15. a4 Rfc8 16. Qb3 Qd6 17. a5 a6 18. Ne1 Nf6 19. Nd3 Bxd3 20. Bxd3 Re8 21. Rab1 Ng4 1/2-1/2

[Event "BCF-chT3 0809 (4NCL)"]
[Site "Hinckley Island"]
[Date "2008.10.18"]
[Round "1.5"]
[White "Maguire, Robert"]
[Black "Archer, Richard"]
[Result "1/2-1/2"]
[WhiteElo "1710"]
[BlackElo "2120"]
[PlyCount "41"]
[EventDate "2008.10.18"]
[EventType "team-swiss"]
[EventRounds "11"]
[EventCountry "ENG"]
[SourceTitle "EXT 2010"]
[Source "ChessBase"]
[SourceDate "2010.11.25"]
[SourceVersion "1"]
[SourceVersionDate "2010.11.25"]
[SourceQuality "1"]
[WhiteTeam "KJCA Kings"]
[BlackTeam "WRO II"]
[WhiteTeamCountry "ENG"]
[BlackTeamCountry "ENG"]

1. e4 c5 2. Nf3 d6 3. d4 cxd4 4. Nxd4 Nf6 5. Nc3 Nc6 6. Bg5 e6 7. Qd2 Be7 8. 0-0-0 a6 9. f4 Qc7 10. g3 Bd7 11. Bg2 h6 12. Bxf6 gxf6 13. f5 0-0-0 14. Bh3 Nxd4 15. Qxd4 Qc5 16. Qxc5+ dxc5 17. Rd2 h5 18. Rhd1 h4 19. fxe6 Bxe6 20. Nd5 Rde8 21. Bxe6+ 1/2-1/2

[Event "ENG Civil Service-ch 11th"]
[Site "Leeds"]
[Date "2001.07.27"]
[Round "5"]
[White "Archer, Richard"]
[Black "Bowering, C."]
[Result "1/2-1/2"]
[WhiteElo "1872"]
[BlackElo "1856"]
[PlyCount "23"]
[EventDate "2001.07.25"]
[EventType "swiss"]
[EventRounds "5"]
[EventCountry "ENG"]
[SourceTitle "EXT 2002"]
[Source "ChessBase"]
[SourceDate "2001.11.25"]
[SourceVersion "1"]
[SourceVersionDate "2001.11.25"]
[SourceQuality "1"]

1. e4 e5 2. Nf3 Nc6 3. d4 exd4 4. Nxd4 Nf6 5. Nc3 Bb4 6. Nxc6 bxc6 7. Bd3 d5 8. exd5 cxd5 9. 0-0 0-0 10. Bg5 c6 11. Qf3 Be7 12. h3 1/2-1/2

[Event "Leeds Civil Service-ch 9th"]
[Site "Leeds"]
[Date "1999.??.??"]
[Round "2"]
[White "Archer, Richard"]
[Black "Calvert, David Ian"]
[Result "1/2-1/2"]
[WhiteElo "1860"]
[BlackElo "1885"]
[PlyCount "71"]
[EventDate "1999.??.??"]
[EventType "swiss"]
[EventRounds "5"]
[EventCountry "ENG"]
[SourceTitle "EXT 2000"]
[Source "ChessBase"]
[SourceDate "1999.11.16"]
[SourceVersion "1"]
[SourceVersionDate "1999.11.16"]
[SourceQuality "1"]

1. e4 d5 2. exd5 Qxd5 3. Nc3 Qd8 4. Nf3 Nf6 5. h3 Bf5 6. Bc4 e6 7. d3 c6 8. Bf4 Be7 9. Nh4 Bg6 10. Nxg6 hxg6 11. Qe2 Nbd7 12. 0-0 0-0 13. Rac1 Re8 14. Nb1 Nd5 15. Bh2 b5 16. Bb3 Nc5 17. Nd2 Nxb3 18. Nxb3 Bd6 19. Bxd6 Qxd6 20. Qf3 e5 21. d4 exd4 22. Nxd4 a6 23. c3 c5 24. Nc2 Nf4 25. Rcd1 Qf6 26. Ne3 Rad8 27. Ng4 Qf5 28. Rxd8 Rxd8 29. Re1 Ne6 30. Qc6 Rd2 31. Qxa6 Rxb2 32. a4 bxa4 33. Qxa4 Rb1 34. Rxb1 Qxb1+ 35. Kh2 Qf5 36. Qe8+ 1/2-1/2

[Event "Leeds Civil Service-ch 9th"]
[Site "Leeds"]
[Date "1999.??.??"]
[Round "1"]
[White "Thurlow, Kevin J"]
[Black "Archer, Richard"]
[Result "1-0"]
[WhiteElo "2085"]
[BlackElo "1860"]
[PlyCount "97"]
[EventDate "1999.??.??"]
[EventType "swiss"]
[EventRounds "5"]
[EventCountry "ENG"]
[SourceTitle "EXT 2000"]
[Source "ChessBase"]
[SourceDate "1999.11.16"]
[SourceVersion "1"]
[SourceVersionDate "1999.11.16"]
[SourceQuality "1"]

1. Nf3 d5 2. b3 Nf6 3. Bb2 c6 4. e3 Bg4 5. c4 e6 6. Be2 Nbd7 7. 0-0 Bd6 8. h3 Bxf3 9. Bxf3 Ne5 10. Be2 0-0 11. f4 Ng6 12. Qe1 Rc8 13. Na3 Re8 14. Rc1 a6 15. c5 Bb8 16. d3 Qe7 17. Nb1 Nf8 18. Be5 N6d7 19. d4 f6 20. Bxb8 Rxb8 21. Bh5 g6 22. Bg4 f5 23. Bf3 Nf6 24. g4 N8d7 25. g5 Ne4 26. Bxe4 fxe4 27. Nc3 e5 28. dxe5 Nxc5 29. Qg3 Nd3 30. Rc2 Rf8 31. Nd1 Rbd8 32. Nf2 Nxf2 33. Qxf2 Qe6 34. Kg2 Rd7 35. Rd1 Rdf7 36. Rd4 Rf5 37. Qg3 b5 38. b4 Ra8 39. Qe1 Rf7 40. Rd1 Kg7 41. Rdc1 Rc7 42. Rc5 Rd8 43. Rd1 Rcd7 44. Qc3 Rc8 45. Qa3 h6 46. gxh6+ Kxh6 47. Qxa6 g5 48. Qxc8 gxf4 49. Rxc6 1-0

[Event "ENG Civil Servise-ch 7th"]
[Site "England"]
[Date "1997.??.??"]
[Round "1"]
[White "Wolstencroft, Darryl"]
[Black "Archer, Richard"]
[Result "1/2-1/2"]
[WhiteElo "2065"]
[BlackElo "1825"]
[PlyCount "28"]
[EventDate "1997.??.??"]
[EventType "swiss"]
[EventRounds "5"]
[EventCountry "ENG"]
[SourceTitle "EXT 2000"]
[Source "ChessBase"]
[SourceDate "1999.11.16"]
[SourceVersion "1"]
[SourceVersionDate "1999.11.16"]
[SourceQuality "1"]

1. c4 Nf6 2. g3 g6 3. Bg2 Bg7 4. e4 d6 5. Ne2 c5 6. Nbc3 Nc6 7. d3 0-0 8. 0-0 e5 9. h3 Be6 10. Nd5 Bxd5 11. cxd5 Nd4 12. f4 Nxe2+ 13. Qxe2 Nh5 14. Kh2 exf4 1/2-1/2